| 000 | 00362nam a2200145Ia 4500 | ||
|---|---|---|---|
| 008 | 230917s9999||||xx |||||||||||||| ||und|| | ||
| 040 |
_e199359 _aMAIN |
||
| 041 | _aEnglish | ||
| 082 | _a005.74 D262I | ||
| 100 | _aDate, C J | ||
| 245 | 0 | _aInteroduction to database system v.1 | |
| 260 |
_aNew Delhi _bNarosa Publishing _c1989 |
||
| 300 | _a580 p. | ||
| 942 | _cBK | ||
| 999 |
_c67255 _d67255 |
||